000 006640000a22002890004500
003 Jha
004 GT
005 20120907080010.0
650 _aAgricultural economics
650 _aFarming
650 _aFish farming
650 _aFish production
650 _aFisheries
650 _aTheses
651 _aNepal
082 _a629.2
_bSh84c
_cD
518 _a940912
530 _aDis
100 _aShrestha, Rama Narayan
245 _aCommercial fish farming in Nepal
260 _aKathmandu, Nepal
502 _aDissertation
_bDegree in Commerce, Tribhuvan University
260 _c1969
041 _aEng
300 _a30p.
_bmap
942 _cGEN
999 _c11113
_d11113